Yoga (Record no. 13678)

MARC details
000 -LEADER
fixed length control field 00516nam a2200217 a 4500
020 ## - INTERNATIONAL STANDARD BOOK NUMBER
ISBN 0700712887
082 00 - DEWEY DECIMAL CLASSIFICATION NUMBER
Classification number 181.45
Author Cutter WHI
100 ## - MAIN ENTRY--AUTHOR NAME
Author name Whicher, Ian
245 ## - TITLE STATEMENT
Title Yoga
Sub title The Indian Trasition
260 ## - PUBLICATION, DISTRIBUTION, ETC. (IMPRINT)
Place of publication London
Name of publisher Curzon Press
Year of publication 2003
300 ## - PHYSICAL DESCRIPTION
Number of Pages 206p
500 ## - GENERAL NOTE
General note includes index and biblioraphy
650 ## - SUBJECT ADDED ENTRY--TOPICAL TERM
Topical Term Yoga
942 ## - ADDED ENTRY ELEMENTS (KOHA)
Koha item type Books
Holdings
Collection code Home library Current library Date acquired Cost, normal purchase price Full call number Accession Number Koha item type
  Henry Martyn Institute Library Henry Martyn Institute Library 04/13/2007 250.00 181.45 WHI 021702 Books
                   Copyright © 2026 | Henry Martyn Institute | Hyderabad | TS-500052 | INDIA | Implemented by hmi.edu.in
Hit-Count:

Powered by Koha